000 00843nam a2200133Ia 4500
008 171212s9999 xx 000 0 und d
020 _a9780833045133
100 _aWare, Willis H.;Chalk, Peter;Warnes, Richard;Clutterbuck, Lindsay;Winn, Aidan Kirby;Kirby, Sheila Nataraj
245 _cWare, Willis H.;Chalk, Peter;Warnes, Richard;Clutterbuck, Lindsay;Winn, Aidan Kirby;Kirby, Sheila Nataraj
_aRAND and the Information Evolution
_bA History in Essays and Vignettes
260 _bRAND Corporation
_c2008
650 _aHistory
650 _aRand Corporation -- History; Information technology -- Research -- United States -- History; Computer science -- Research -- United States -- History; Military research -- United States -- History -- 20th century; Research institutes -- United States -- H
856 _uwww.jstor.org/stable/10.7249/cp537rc
999 _c352460
_d352460